Estadísticas para Países con el Mayor Número de Elefantes Salvajes

Haz click aquí para tomar la prueba!

Estadísticas generales

  • Esta prueba ha sido tomada 518 veces
  • La puntuación promedio es 16 de 21

Estadísticas de respuestas

# País % Correcto
5,100R.D. Congo
94%
29,000India
94%
35,000República del Congo
93%
20,000Sudáfrica
93%
26,000Kenia
92%
64,000Tanzania
89%
20,000Mozambique
82%
16,000Namibia
80%
13,000Zambia
79%
75,000Zimbabue
79%
5,600Uganda
79%
154,000Botsuana
78%
2,900Tailandia
77%
2,900Indonesia
70%
6,500Camerún
65%
2,600Malasia
62%
4,500Myanmar
62%
11,000Gabón
58%
3,800Sri Lanka
52%
7,100Sudán del Sur
49%
6,300Burkina Faso
24%

Distribución de puntuación

Porcentaje por número respondido

Porcentaje de gente con cada puntuación

Historial de tus puntuaciones

No has tomado esta prueba